[Event "Cto por Equipos de Aragon-Preferente II"]
[Site ""]
[Date "2023.02.11"]
[Round "3.62"]
[White "Jaime Galeano, Alcher"]
[Black "Garcia Garcia, Enrique"]
[Result "0-1"]
[WhiteElo "1589"]
[BlackElo "1797"]
[PlyCount "0"]
[WhiteTeam "MyInvestor Casablanca C"]
[BlackTeam "Dr. Azua A"]
[EventDate "2023.01.28"]

1. e4 c5 2. Nc3 d6 3. f4 Nc6 4. Nf3 g6 5. Bb5 Bd7 6. Bxc6 Bxc6 7. d3 Bg7 8. O-O
Nf6 9. Qe1 O-O 10. Qh4 e6 11. Bd2 d5 12. e5 Nd7 13. Qh3 Re8 14. Rae1 Qb6 15.
Bc1 Nf8 16. Kh1 Bd7 17. g4 f6 18. Qg3 d4 19. Ne4 f5 20. gxf5 exf5 21. Nd6 Red8
22. Rg1 Qc6 23. Kg2 Be6 24. a3 Bd5 25. Kf2 Ne6 26. Nh4 Rf8 27. Re2 Rad8 28. Ng2
c4 29. Ne1 cxd3 30. Nxd3 Be4 31. h4 Kh8 32. h5 g5 33. Nb4 Qc7 34. Nxe4 fxe4 35.
Rxe4 Nxf4 36. Bxf4 Bxe5 37. Ke2 Bxf4 38. Qb3 Be3 39. h6 Rf2+ 40. Ke1 Qh2 41.
Reg4 Rf1+ 0-1

[Event "Cto por Equipos de Aragon-Preferente II"]
[Site ""]
[Date "2023.02.11"]
[Round "3.63"]
[White "Abenia Porroche, Roberto"]
[Black "Sese Serrano, Isaac"]
[Result "1-0"]
[WhiteElo "1699"]
[BlackElo "1378"]
[PlyCount "0"]
[WhiteTeam "Dr. Azua A"]
[BlackTeam "MyInvestor Casablanca C"]
[EventDate "2023.01.28"]

1. Nf3 Nf6 2. g3 d5 3. d4 c5 4. c3 e6 5. Bg2 Nc6 6. O-O Be7 7. Nbd2 O-O 8. Qc2
h6 9. Re1 Qb6 10. dxc5 Bxc5 11. e3 e5 12. Nb3 Be6 13. Nxc5 Qxc5 14. Nd2 d4 15.
Nb3 Bxb3 16. axb3 Rfd8 17. exd4 exd4 18. Bd2 Ng4 19. Rf1 Rab8 20. Qe4 Nce5 21.
h3 Nf6 22. Qf5 a6 23. cxd4 Rxd4 24. Be3 Qd6 25. Bxd4 Qxd4 26. Rfd1 Qxb2 27.
Rab1 Qc3 28. Bxb7 Ng6 29. Bxa6 Rxb3 30. Rbc1 Qf3 31. Qxf3 Rxf3 32. Bd3 Kh7 33.
Kg2 Rxd3 34. Rxd3 Nh8 35. Rc7 Kg6 36. Rd8 Kh7 37. f3 g6 38. Rcc8 1-0

[Event "Cto por Equipos de Aragon-Preferente II"]
[Site ""]
[Date "2023.02.11"]
[Round "3.64"]
[White "Perez Artigues, Ramon"]
[Black "Muro Castillo, Jose Luis"]
[Result "1-0"]
[WhiteElo "1206"]
[BlackElo "1208"]
[PlyCount "0"]
[WhiteTeam "MyInvestor Casablanca C"]
[BlackTeam "Dr. Azua A"]
[EventDate "2023.01.28"]

1. e4 e5 2. Nf3 Nf6 3. Nc3 Nc6 4. d4 exd4 5. Nxd4 Bb4 6. Nxc6 bxc6 7. a3 Bxc3+
8. bxc3 Nxe4 9. Qd4 O-O 10. Bd3 Nf6 11. O-O h6 12. Rb1 Re8 13. Bd2 d6 14. f4 c5
15. Qf2 Bg4 16. h3 Bd7 17. f5 Kh8 18. g4 Bc6 19. g5 Ne4 20. Bxe4 Bxe4 21. gxh6
Qf6 22. hxg7+ Kg8 23. Kh2 Re5 24. Qg3 Rxf5 25. Rxf5 Qxf5 26. Qh4 Qh7 27. Qe7
Qf5 28. Qh4 Qh7 29. Qf4 Re8 30. Rf1 Bg6 31. Qg3 Re2+ 32. Rf2 Rxf2+ 33. Qxf2
Qxg7 34. Qf3 Qf8 35. c4 Qe7 36. Bc3 Qd7 37. Qa8+ 1-0

[Event "Cto por Equipos de Aragon-Preferente II"]
[Site ""]
[Date "2023.02.11"]
[Round "3.65"]
[White "Sanchez Herrera, Miguel"]
[Black "Sierra Aguerri, Joaquin"]
[Result "1/2-1/2"]
[WhiteElo "2064"]
[BlackElo "2091"]
[PlyCount "0"]
[WhiteTeam "Agrupacion A"]
[BlackTeam "Tauste A"]
[EventDate "2023.01.28"]

1. Nf3 d5 2. d4 c6 3. e3 Bf5 4. Bd3 Bg6 5. Ne5 Nd7 6. O-O Ngf6 7. Nd2 e6 8. f4
Bd6 9. b3 c5 10. Ndf3 Qa5 11. Ng5 O-O 12. Bb2 cxd4 13. Nxd7 Nxd7 14. Bxg6 hxg6
15. Qxd4 Nf6 16. Rf3 Ba3 17. Bxa3 Qxa3 18. e4 dxe4 19. Nxe4 Nxe4 20. Qxe4 Qb2
21. Re1 Rac8 22. c4 Rcd8 23. Re2 Rd1+ 24. Rf1 Qd4+ 25. Qxd4 Rxd4 26. g3 Rfd8
27. Rc1 Kf8 28. Kf2 Ke7 29. Rcc2 R8d7 30. Ke3 Rd3+ 31. Kf2 Kd8 32. Re3 Rd1 33.
Re1 R1d4 34. Ree2 Kc7 35. Ke3 Rd3+ 36. Kf2 Kc6 37. Re5 a6 38. Ree2 Kc5 39. Re3
Rd1 40. a3 R1d2+ 41. Re2 Rxc2 42. Rxc2 Rd3 43. b4+ Kd4 44. c5 Rxa3 45. c6 bxc6
46. Rxc6 Ra4 47. Rc7 Rxb4 48. Rxf7 a5 49. Rxg7 Ke4 50. Rxg6 Rb2+ 51. Ke1 Rb6
52. Rg5 Ra6 53. Re5+ Kf3 54. Kd2 a4 55. Re3+ Kg4 56. Ra3 Kh3 57. Ke3 Kxh2 58.
Kf3 Rb6 59. Kg4 Rb4 60. Ra2+ Kg1 61. Kg5 Kf1 62. Kg4 Ke1 63. Kf3 Kd1 64. g4 Kc1
65. Re2 Rb3+ 66. Ke4 a3 67. g5 Rb2 68. Re3 a2 69. Re1+ Kc2 70. Ke5 Rb1 71. Re2+
Kb3 72. Rxa2 Kxa2 73. g6 Kb3 74. g7 Rg1 75. Kxe6 Rxg7 76. f5 Kc4 77. f6 Rg6 78.
Ke7 Kd5 79. f7 Re6+ 80. Kd7 Rd6+ 81. Ke7 Re6+ 82. Kd7 Rf6 83. Ke7 Rxf7+ 84.
Kxf7 1/2-1/2

[Event "Cto por Equipos de Aragon-Preferente II"]
[Site ""]
[Date "2023.02.11"]
[Round "3.66"]
[White "Carbonel Sanchez, Andres"]
[Black "Carretero Cacho, Juan Jose"]
[Result "0-1"]
[WhiteElo "1948"]
[BlackElo "2054"]
[PlyCount "0"]
[WhiteTeam "Tauste A"]
[BlackTeam "Agrupacion A"]
[EventDate "2023.01.28"]

1. e4 c5 2. Nf3 g6 3. d4 cxd4 4. Nxd4 Bg7 5. c4 Nc6 6. Be3 Nf6 7. Nc3 O-O 8.
Be2 d6 9. O-O Bd7 10. Rc1 Nxd4 11. Bxd4 Bc6 12. f3 a5 13. b3 Nd7 14. Be3 Nc5
15. Qd2 Qb6 16. Nd5 Bxd5 17. cxd5 Qb4 18. Rfd1 b6 19. Rc4 Qxd2 20. Rxd2 Rfb8
21. Rc1 b5 22. Rdc2 b4 23. Kf1 Bc3 24. Bxc5 dxc5 25. a4 g5 26. g3 Rb6 27. Kg2
Kg7 28. Bc4 Rd8 29. Rf1 Bd4 30. Rd2 h6 31. Rh1 Bc3 32. Rd3 Be5 33. Rf1 Rf6 34.
Re3 Bd4 35. Re2 Be5 36. Rc1 Rfd6 37. Bb5 Bd4 38. Bc6 Rc8 39. e5 Rdd8 40. e6 f5
41. Bd7 Rb8 42. Rc4 Kf6 43. Kf1 Rb7 44. Bc6 Rb6 45. h3 Rd6 46. h4 gxh4 47. gxh4
Rbxc6 48. dxc6 Rxc6 49. Rcc2 f4 50. Re4 Be3 51. Ke2 Rd6 52. Rxe3 fxe3 53. Rxc5
Ra6 54. Rh5 Kg6 55. Re5 Kf6 56. f4 Rxe6 57. Rxa5 Rc6 58. Rb5 Rc2+ 59. Ke1 Rh2
60. Rxb4 Kf5 61. a5 Kg4 62. Rd4 Kf3 63. Kd1 Rh1+ 64. Kc2 e2 65. Rd3+ Ke4 0-1

[Event "Cto por Equipos de Aragon-Preferente II"]
[Site ""]
[Date "2023.02.11"]
[Round "3.67"]
[White "Barros Gutierrez, Angel Luis"]
[Black "Sancho Casale, Jesus"]
[Result "1/2-1/2"]
[WhiteElo "2051"]
[BlackElo "1933"]
[PlyCount "0"]
[WhiteTeam "Agrupacion A"]
[BlackTeam "Tauste A"]
[EventDate "2023.01.28"]

1. d4 d5 2. c4 e6 3. Nc3 Nf6 4. cxd5 exd5 5. Bg5 c6 6. e3 Be7 7. Bd3 O-O 8. Qc2
h6 9. Bh4 Re8 10. Nge2 Nbd7 11. O-O Ne4 12. Bxe7 Qxe7 13. Rae1 Ndf6 14. f3 Nxc3
15. Nxc3 Qd6 16. Qf2 Be6 17. e4 dxe4 18. Nxe4 Nxe4 19. fxe4 Red8 20. d5 cxd5
21. exd5 Qxd5 22. Bb1 Qd4 23. Re3 Rac8 24. h3 Qd2 25. Re2 Qd4 26. Re3 b6 27.
Kh1 Rc7 28. Rd3 Qxd3 29. Bxd3 Rxd3 30. Re1 Rcd7 31. a3 Rd1 32. Rxd1 Rxd1+ 33.
Kh2 Rd7 34. h4 h5 35. b4 g6 36. Kg3 Rd5 37. Qf6 a5 38. Qe7 axb4 39. axb4 b5 40.
Kf4 Kg7 41. Ke4 Rf5 42. Qd8 Bc4 43. Qd4+ Kg8 44. g3 Be6 45. Qd8+ Kg7 46. Qd4+
Kg8 47. Qd8+ Kg7 48. Qd4+ 1/2-1/2

[Event "Cto por Equipos de Aragon-Preferente II"]
[Site ""]
[Date "2023.02.11"]
[Round "3.69"]
[White "Sanjuan Segura, Ignacio"]
[Black "Lopez Caudevilla, David"]
[Result "0-1"]
[WhiteElo "1820"]
[BlackElo "2165"]
[PlyCount "0"]
[WhiteTeam "Palacio De Pioneros C"]
[BlackTeam "Actur Rey Fernando A"]
[EventDate "2023.01.28"]

1. c4 g6 2. Nc3 Bg7 3. e4 e5 4. g3 Ne7 5. Bg2 Nbc6 6. Nge2 d6 7. O-O Be6 8. d3
Qd7 9. Nd5 O-O-O 10. Rb1 Bh3 11. Nec3 Bxg2 12. Kxg2 h5 13. h4 Nxd5 14. Nxd5 f5
15. Bg5 Rdf8 16. f4 Bh6 17. Bxh6 Rxh6 18. Qd2 Rh7 19. b4 fxe4 20. dxe4 exf4 21.
Rxf4 Rhf7 22. Rbf1 Ne5 23. Rxf7 Rxf7 24. Rxf7 Qxf7 25. Qf4 Kd7 26. Qxf7+ Nxf7
27. Kf2 Ne5 28. Nf4 c5 29. bxc5 dxc5 30. Ke2 a6 31. Kd1 b5 32. cxb5 axb5 33. a3
Kc6 34. Kc2 b4 35. axb4 cxb4 36. Kb3 Kb5 37. Ne6 Nf3 38. Nf4 Nd2+ 39. Kb2 Nxe4
40. Nxg6 Nxg3 41. Nf4 Ka4 42. Nd3 Ne2 43. Nxb4 Kxb4 0-1

[Event "Cto por Equipos de Aragon-Preferente II"]
[Site ""]
[Date "2023.02.11"]
[Round "3.70"]
[White "Abos Rosico, Antonio"]
[Black "Bruna Barranco, Ignacio"]
[Result "1-0"]
[WhiteElo "2077"]
[BlackElo "1618"]
[PlyCount "0"]
[WhiteTeam "Actur Rey Fernando A"]
[BlackTeam "Palacio De Pioneros C"]
[EventDate "2023.01.28"]

1. e4 c6 2. d4 d5 3. exd5 cxd5 4. Bd3 Nc6 5. c3 Nf6 6. h3 e6 7. Nf3 Bd6 8. O-O
h6 9. Re1 Qc7 10. Qe2 Nd7 11. Nbd2 O-O 12. Nf1 b6 13. Ne3 Nf6 14. Ng4 Nxg4 15.
hxg4 Bf4 16. g5 hxg5 17. Nxg5 Bxg5 18. Bxg5 f5 19. Qh5 Qf7 20. Qh4 a6 21. Re3
Qg6 22. Rh3 Bd7 23. Be2 f4 24. Bd3 Rf5 25. Bxf4 Raf8 26. Bd6 e5 27. Qh8+ Kf7
28. Qxf8+ Ke6 29. Bxf5+ 1-0

[Event "Cto por Equipos de Aragon-Preferente II"]
[Site ""]
[Date "2023.02.11"]
[Round "3.71"]
[White "Campana Valencia, Lidia"]
[Black "Leon Dionis, Mateo"]
[Result "0-1"]
[WhiteElo "1565"]
[BlackElo "1754"]
[PlyCount "0"]
[WhiteTeam "Palacio De Pioneros C"]
[BlackTeam "Actur Rey Fernando A"]
[EventDate "2023.01.28"]

1. e4 c6 2. d4 d5 3. Nc3 dxe4 4. Nxe4 Bf5 5. Ng3 Bg6 6. Nf3 Nd7 7. Nh4 e6 8.
Nxg6 hxg6 9. Ne4 Ngf6 10. f3 Nxe4 11. fxe4 Qh4+ 12. Ke2 Qxe4+ 13. Be3 Nf6 14.
Qd3 Qg4+ 15. Kd2 O-O-O 16. Rd1 e5 17. c3 exd4 18. cxd4 c5 19. Qc2 Kb8 20. d5
Be7 21. Kc1 Nxd5 22. Bf2 Bg5+ 23. Kb1 Nc3+ 24. bxc3 Rxd1+ 25. Kb2 Rd2 26. Bg3+
Kc8 0-1

[Event "Cto por Equipos de Aragon-Preferente II"]
[Site ""]
[Date "2023.02.11"]
[Round "3.72"]
[White "Garcia Alvarez, Sergio"]
[Black "Aliaga Cebrian, Luis Angel"]
[Result "1-0"]
[WhiteElo "1722"]
[BlackElo "1500"]
[PlyCount "0"]
[WhiteTeam "Actur Rey Fernando A"]
[BlackTeam "Palacio De Pioneros C"]
[EventDate "2023.01.28"]

1. e4 e5 2. Nf3 Nc6 3. d4 d5 4. exd5 Qxd5 5. Nc3 Bb4 6. Bd2 Bxc3 7. Bxc3 exd4
8. Nxd4 Nxd4 9. Qxd4 Qxd4 10. Bxd4 f6 11. Bd3 Ne7 12. O-O Bf5 13. Rfe1 Kd7 14.
Rxe7+ Kxe7 15. Bxf5 Rad8 16. Bc3 g6 17. Bd3 Rhe8 18. h4 f5 19. h5 c5 20. Bb5
Rf8 21. Re1+ Kd6 22. Be5+ Ke6 23. Bg7+ Kf7 24. Bxf8 Kxf8 25. Re2 a6 26. Ba4 Rb8
27. Bd7 b5 28. Be6 Re8 29. Kf1 Rd8 30. f3 f4 31. hxg6 1-0

[Event "Ctor por Equipos de Aragon-Division de Honor"]
[Site ""]
[Date "2023.02.18"]
[Round "4.1"]
[White "Pellicer Cerezuela, Miguel"]
[Black "Adla, Diego"]
[Result "1/2-1/2"]
[WhiteElo "2043"]
[BlackElo "2400"]
[PlyCount "0"]
[WhiteTeam "L'Aurora Estadilla"]
[BlackTeam "MyInvestor Casablanca"]
[EventDate "2023.01.28"]

1. d4 Nf6 2. c4 e6 3. Nc3 Bb4 4. e3 O-O 5. Nge2 Re8 6. a3 Bf8 7. g3 d5 8. cxd5
exd5 9. Bg2 a5 10. O-O c6 11. Qc2 Na6 12. f3 c5 13. Rd1 Bd7 14. dxc5 Bxc5 15.
Nd4 Qb6 16. Na4 Bxa4 17. Qxa4 Nc7 18. Bd2 Qxb2 19. Rab1 Qxa3 20. Qxa3 Bxa3 21.
Rxb7 Ne6 22. Ra1 Bc5 23. Rxa5 Rxa5 24. Bxa5 Nxd4 25. exd4 Bxd4+ 26. Kf1 g6 27.
Bb6 Bxb6 28. Rxb6 Kg7 29. Kf2 g5 30. h3 Ra8 31. Bf1 Ra2+ 32. Be2 h5 33. h4 gxh4
34. gxh4 Ra4 35. Kg3 Rd4 36. Ba6 Nd7 37. Rd6 Nc5 38. Bb5 Ne6 39. Bc6 Nf4 40.
Bb7 Kf8 41. Rf6 Ne2+ 42. Kf2 Nc3 43. Rf5 Rxh4 44. Bxd5 Nxd5 45. Rxd5 Kg7 46.
Kg3 Rh1 47. Kg2 Rh4 48. Kg3 1/2-1/2

[Event "Ctor por Equipos de Aragon-Division de Honor"]
[Site ""]
[Date "2023.02.18"]
[Round "4.2"]
[White "Glavina, Pablo"]
[Black "Pellicer Cemeli, Jose Luis"]
[Result "1-0"]
[WhiteElo "2408"]
[BlackElo "1955"]
[PlyCount "0"]
[WhiteTeam "MyInvestor Casablanca"]
[BlackTeam "L'Aurora Estadilla"]
[EventDate "2023.01.28"]

1. Nf3 c5 2. c4 Nf6 3. Nc3 Nc6 4. d4 cxd4 5. Nxd4 g6 6. e4 d6 7. Be2 Bg7 8. Be3
Qa5 9. O-O O-O 10. a3 Nxd4 11. Bxd4 Be6 12. b4 Qg5 13. f4 Qh4 14. f5 gxf5 15.
exf5 Bxc4 16. Bxc4 Ng4 17. h3 Ne3 18. Bxe3 Qxc4 19. Rc1 Bxc3 20. Rf4 Qc6 21.
Rg4+ 1-0

[Event "Ctor por Equipos de Aragon-Division de Honor"]
[Site ""]
[Date "2023.02.18"]
[Round "4.3"]
[White "Puertolas Serena, Arturo"]
[Black "Quintin Navarro, Alberto"]
[Result "0-1"]
[WhiteElo "1788"]
[BlackElo "2373"]
[PlyCount "0"]
[WhiteTeam "L'Aurora Estadilla"]
[BlackTeam "MyInvestor Casablanca"]
[EventDate "2023.01.28"]

1. d4 Nf6 2. Nf3 d5 3. e3 c5 4. c3 e6 5. Bd3 Bd6 6. O-O O-O 7. Nbd2 Nc6 8. Qe2
Re8 9. dxc5 Bxc5 10. e4 h6 11. e5 Nd7 12. Re1 Bf8 13. Nf1 Nc5 14. Bc2 a5 15.
Ng3 g6 16. h4 Bg7 17. Be3 b6 18. Qd2 Nxe5 19. Nxe5 Bxe5 20. Bxh6 Bf6 21. Bg5
Bxg5 22. hxg5 e5 23. f4 e4 24. b4 axb4 25. cxb4 Ra3 26. Re3 Rxe3 27. Qxe3 d4
28. Qf2 e3 29. Qf3 Bb7 30. Qg4 d3 31. f5 dxc2 32. bxc5 Qd2 33. Qe2 c1=Q+ 0-1

[Event "Ctor por Equipos de Aragon-Division de Honor"]
[Site ""]
[Date "2023.02.18"]
[Round "4.4"]
[White "Antonano Fernandez-Quincoces, Avelino"]
[Black "Palacian Campodarve, Javier"]
[Result "1-0"]
[WhiteElo "1901"]
[BlackElo "1656"]
[PlyCount "0"]
[WhiteTeam "MyInvestor Casablanca"]
[BlackTeam "L'Aurora Estadilla"]
[EventDate "2023.01.28"]

1. e4 c5 2. Nf3 d6 3. d4 cxd4 4. Nxd4 Nf6 5. Nc3 a6 6. Bc4 e6 7. O-O Be7 8. a4
O-O 9. Be3 Bd7 10. f4 Qc7 11. Bb3 Nc6 12. Kh1 Na5 13. Qe1 Nc4 14. Bg1 Rac8 15.
Rf3 Qa5 16. Bxc4 Rxc4 17. Nd5 Qd8 18. Nxe7+ Qxe7 19. b3 Rcc8 20. e5 dxe5 21.
fxe5 Nd5 22. c4 Nb4 23. Rg3 Nc6 24. Nxc6 Bxc6 25. b4 b5 26. Bc5 Qb7 27. Bxf8
Rxf8 28. axb5 axb5 29. c5 f5 30. exf6 Rxf6 31. Qe5 Kh8 32. h3 h6 33. Kh2 Bd5
34. Rc1 Bc6 35. Kg1 Bd5 36. Rf1 Rxf1+ 37. Kxf1 Qa7 38. Kg1 Qb7 39. Kh2 Kh7 40.
Qd6 Kg8 41. Rc3 Qc6 42. Qxc6 Bxc6 43. Ra3 1-0

[Event "Ctor por Equipos de Aragon-Division de Honor"]
[Site ""]
[Date "2023.02.18"]
[Round "4.7"]
[White "Fontana Sotomayor, Luis Javier"]
[Black "Miranda Herrera, Miguel"]
[Result "0-1"]
[WhiteElo "2221"]
[BlackElo "1976"]
[PlyCount "0"]
[WhiteTeam "Jaime Casas"]
[BlackTeam "Marcos Frechin"]
[EventDate "2023.01.28"]

1. e4 e5 2. Nf3 Nc6 3. Nc3 Nf6 4. a3 d5 5. Bb5 d4 6. Ne2 Bd6 7. d3 h6 8. Ng3 g6 9. 
c3 dxc3 10. bxc3 a6 11. Ba4 Bd7 12. 0-0 Kf8 13. d4 exd4 14. cxd4 Bxg3 15. fxg3 Nxe4 
16. Bb2 Rh7 17. d5 Ne7 18. Bc2 Nd6 19. Bf6 Ne8 20. Bh4 Bb5 21. Rf2 Qd6 22. Nd4 Nxd5 
23. Nxb5 axb5 24. Bxg6 Rg7 25. Bh5 c6 26. Qf3 f6 27. Re1 Re7 28. Rxe7 Qxe7 29. h3 
Rxa3 30. Qf5 Ra1+ 31. Kh2 Qe1 32. g4 Qg1+ 33. Kg3 Ra3+ 34. Rf3 Rxf3+ 35. Qxf3 Qe1+ 
36. Kh2 Qxh4 37. Qe4 Ng7  0-1

[Event "Ctor por Equipos de Aragon-Division de Honor"]
[Site ""]
[Date "2023.02.18"]
[Round "4.8"]
[White "Moya Gimeno, Raul"]
[Black "Roque Sola, Jose Luis"]
[Result "1-0"]
[WhiteElo "1944"]
[BlackElo "2217"]
[PlyCount "0"]
[WhiteTeam "Marcos Frechin"]
[BlackTeam "Jaime Casas"]
[EventDate "2023.01.28"]

1. e4 c5 2. Nf3 Nc6 3. d4 cxd4 4. Nxd4 e5 5. Nb5 d6 6. N1c3 a6 7. Na3 Be6 8. Nc4 
Rb8 9. Be2 Nf6 10. Bg5 Be7 11. Bxf6 Bxf6 12. Nxd6+ Kf8 13. Nc4 Qd4 14. Nd2 Rd8 15. 
Nf3 Qb4 16. Qc1 Nd4 17. Bd3 Nxf3+ 18. gxf3 h6 19. a3 Qd6 20. Qe3 Bg5 21. Qe2 Kg8 
22. Rd1 Qb6 23. Rb1 Bf4 24. h4 g5 25. Kf1 Kg7 26. Kg2 gxh4 27. Rxh4 Rdg8 28. Nd5 
Kf8+ 29. Kf1 Qd8 30. Rh1 Bxd5 31. exd5 Qg5 32. Qe4 h5 33. Qc4 Qd8 34. Qc5+ Ke8 35. 
Re1 Rh6 36. Qb4 Qe7 37. Qc4 Kd8 38. Bf5 Qc7 39. Qd3 h4 40. Re4 b5 41. a4 Qc5 42. 
axb5 axb5 43. b4 Qb6 44. c4 Rg5 45. c5 Qa7 46. Re1 Ra6 47. Rxh4 Ra1 48. d6 Rxe1+ 
49. Kxe1 Qa1+ 50. Ke2 Rg8 51. c6  1-0

[Event "Ctor por Equipos de Aragon-Division de Honor"]
[Site ""]
[Date "2023.02.18"]
[Round "4.9"]
[White "Del Rey, Diego"]
[Black "Laliena Solanes, Luis"]
[Result "1-0"]
[WhiteElo "2328"]
[BlackElo "2196"]
[PlyCount "0"]
[WhiteTeam "El Olivar"]
[BlackTeam "ONCE C. A. Aragon"]
[EventDate "2023.01.28"]

1. Nf3 d5 2. c4 e6 3. g3 Nf6 4. Bg2 Be7 5. O-O O-O 6. Qc2 c5 7. d4 Nbd7 8. cxd5
Nxd5 9. Nc3 Nb4 10. Qb3 Nb6 11. dxc5 Bxc5 12. Rd1 Qe7 13. Ne4 Na6 14. Nxc5 Qxc5
15. Be3 Qa5 16. Rac1 Nd5 17. Bd2 Qb6 18. Qxb6 axb6 19. Ne5 b5 20. Be1 f6 21.
Nd3 Bd7 22. Nf4 Nac7 23. Rxc7 Nxc7 24. Rxd7 e5 25. Rxc7 exf4 26. Bxb7 Rad8 27.
Kg2 fxg3 28. hxg3 Rfe8 29. e4 h5 30. Bc3 Kh7 31. Bxf6 1-0

[Event "Ctor por Equipos de Aragon-Division de Honor"]
[Site ""]
[Date "2023.02.18"]
[Round "4.10"]
[White "Gavin Roche, Enrique"]
[Black "Villuendas Valero, Adrian"]
[Result "0-1"]
[WhiteElo "2201"]
[BlackElo "2259"]
[PlyCount "0"]
[WhiteTeam "ONCE C. A. Aragon"]
[BlackTeam "El Olivar"]
[EventDate "2023.01.28"]


1. d4 e6 2. c4 Bb4+ 3. Bd2 a5 4. Nf3 d6 5. g3 Nc6 6. Bg2 e5 7. a3 Bxd2+ 8. Qxd2
Nf6 9. dxe5 dxe5 10. Qxd8+ Kxd8 11. Nc3 Bg4 12. Nd5 Nxd5 13. Rd1 Ke7 14. cxd5
Bxf3 15. Bxf3 Nd4 16. Bg2 Nf5 17. Rc1 Kd6 18. O-O Nd4 19. Rfe1 Nb3 20. Rc3 a4
21. e3 Ra5 22. f4 Re8 23. Rf1 f6 24. fxe5+ Rxe5 25. Rf4 Rc5 26. Kf2 Rxc3 27.
bxc3 Nc5 28. Ke2 Re8 29. h4 Re5 30. Bf3 f5 31. Kd2 g6 32. Rb4 b6 33. Ke2 Ne4
34. Kd3 Rxd5+ 35. Kc2 Re5 36. Rxa4 Nxc3 37. Rd4+ Nd5 38. Bxd5 Rxd5 39. Rb4 Ra5
40. a4 Rc5+ 41. Kd3 Rc1 42. g4 Rg1 43. gxf5 gxf5 44. a5 bxa5 45. Ra4 Rd1+ 46.
Kc4 Rd5 47. Ra1 Ke5 48. Rg1 Rd7 49. Ra1 Ke4 50. Rxa5 Rd1 51. Kc3 Rd3+ 52. Kc2
Rxe3 53. Rc5 Kf4 54. Rxc7 h5 55. Kd2 Re4 56. Rg7 Ke5 57. Ra7 Rxh4 58. Ke3 Rh3+
59. Kf2 h4 60. Ra4 Kf6 61. Kg2 Rg3+ 62. Kh2 Kg5 63. Ra8 Kg4 64. Rg8+ Kf3 65.
Rh8 Rg4 66. Ra8 Re4 67. Rf8 f4 68. Rh8 Re2+ 69. Kh3 Re1 70. Kh2 Re7 71. Rxh4
Rg7 72. Rh8 Kf2 73. Rh6 f3 74. Rh8 Rg5 75. Rh7 Re5 76. Rh8 Ke2 77. Ra8 f2 78.
Ra2+ Kf3 79. Ra3+ Re3 80. Ra1 Re1 81. Ra3+ Ke4 82. Ra4+ Kd3 83. Ra3+ Kc4 0-1

[Event "Ctor por Equipos de Aragon-Division de Honor"]
[Site ""]
[Date "2023.02.18"]
[Round "4.11"]
[White "Hernando Garcia, Antonio"]
[Black "Baigorri Navarro, Francisco Javier"]
[Result "1/2-1/2"]
[WhiteElo "2101"]
[BlackElo "2158"]
[PlyCount "0"]
[WhiteTeam "El Olivar"]
[BlackTeam "ONCE C. A. Aragon"]
[EventDate "2023.01.28"]

1. c4 Nf6 2. Nc3 e6 3. Nf3 c5 4. g3 b6 5. Bg2 Bb7 6. O-O Be7 7. b3 O-O 8. Ba3
Na6 9. d4 cxd4 10. Bxe7 Qxe7 11. Qxd4 d5 12. cxd5 Nxd5 13. Nxd5 Bxd5 14. Rad1
Rfd8 15. Qa1 Nc5 16. Nd2 Qb7 17. Bxd5 Rxd5 18. Nc4 Rad8 19. Ne3 R5d7 20. Rxd7
Rxd7 21. Rd1 h6 22. Rxd7 Qxd7 1/2-1/2

[Event "Ctor por Equipos de Aragon-Division de Honor"]
[Site ""]
[Date "2023.02.18"]
[Round "4.12"]
[White "Latorre Abad, Fernando"]
[Black "Galstyan, David"]
[Result "0-1"]
[WhiteElo "2085"]
[BlackElo "2040"]
[PlyCount "0"]
[WhiteTeam "ONCE C. A. Aragon"]
[BlackTeam "El Olivar"]
[EventDate "2023.01.28"]

1. e4 e6 2. Nf3 d5 3. Nc3 d4 4. Ne2 c5 5. Ng3 Bd6 6. Bc4 Nc6 7. d3 b5 8. Bb3
Bb7 9. O-O Qc7 10. c3 Nge7 11. cxd4 cxd4 12. Ne2 Rd8 13. a3 h6 14. g3 e5 15.
Nh4 g5 16. Ng2 Na5 17. Ba2 Bc8 18. f4 gxf4 19. gxf4 Be6 20. Bxe6 fxe6 21. fxe5
Bxe5 22. Nef4 Kd7 23. Bd2 Rc8 24. Nxe6 Qc2 25. Nf8+ Rhxf8 26. Qg4+ Kc7 27. Rfc1
Qxc1+ 28. Rxc1+ Nac6 29. Bf4 Bxf4 30. Nxf4 Rg8 31. Ne6+ Kd6 32. Ng7 Rxg7 33.
Qxg7 Rg8 34. Qxg8 Nxg8 35. Rf1 Ne5 36. Rf8 Ne7 37. Rf6+ Kd7 38. Rxh6 Nxd3 39.
b4 Ne5 40. Kf1 Nc4 41. Rf6 d3 42. h4 Nd2+ 43. Ke1 Nxe4 44. Rf4 d2+ 45. Kd1 Nd5
46. Rxe4 Nc3+ 47. Kxd2 Nxe4+ 48. Kd3 Nf6 49. Ke3 Ke6 50. Kf4 Nh5+ 51. Kg5 Ng3
52. Kf4 Nf5 53. h5 Nd4 54. Ke4 Nc2 55. h6 Kf6 56. Kd5 Nxa3 57. Kc6 Kg6 58. Kb7
Kxh6 59. Kxa7 Kg5 60. Kb6 Kf4 0-1

[Event "Ctor por Equipos de Aragon-Division de Honor"]
[Site ""]
[Date "2023.02.18"]
[Round "4.13"]
[White "Cifuentes Parada, Roberto"]
[Black "Llanes Luno, Ricardo"]
[Result "1/2-1/2"]
[WhiteElo "2410"]
[BlackElo "2164"]
[PlyCount "0"]
[WhiteTeam "Jaque - Aramovil"]
[BlackTeam "Delicias"]
[EventDate "2023.01.28"]

1. d4 d5 2. c4 e6 3. Nf3 Nf6 4. Nc3 b6 5. cxd5 exd5 6. Bg5 Be7 7. e3 O-O 8. Bd3
Bb7 9. Qc2 h6 10. Bh4 c5 11. O-O Nc6 12. a3 c4 13. Bf5 Re8 14. Rad1 Na5 15. Ne5
Bc8 16. f4 Qc7 17. Bxf6 gxf6 18. Nxd5 Qd8 19. Nxe7+ Qxe7 20. Ng4 h5 21. Bxc8
hxg4 22. Bxg4 Qxe3+ 23. Kh1 Rad8 24. d5 Rd6 25. Qf5 Nb3 26. h4 Nd2 27. Rf3 Nxf3
28. Bxf3 Qf2 29. Qg4+ Kh8 30. Qh5+ Kg7 31. Qg4+ Kh8 32. Qh5+ 1/2-1/2

[Event "Ctor por Equipos de Aragon-Division de Honor"]
[Site ""]
[Date "2023.02.18"]
[Round "4.14"]
[White "Llanes Luno, Pedro Alfredo"]
[Black "Escartin Lacasa, Jose"]
[Result "1/2-1/2"]
[WhiteElo "2048"]
[BlackElo "2284"]
[PlyCount "0"]
[WhiteTeam "Delicias"]
[BlackTeam "Jaque - Aramovil"]
[EventDate "2023.01.28"]

1. e4 c5 2. Nf3 Nc6 3. Nc3 g6 4. d4 cxd4 5. Nxd4 Bg7 6. Be3 Nf6 7. Bc4 O-O 8.
Bb3 d5 9. exd5 Na5 10. h3 Nxb3 11. Nxb3 b6 12. Qd2 Bb7 13. Rd1 Qd7 14. O-O Rfd8
15. Bh6 Rac8 16. Bxg7 Kxg7 17. Rfe1 Nxd5 18. Qd4+ Kg8 19. Re5 e6 20. Ne4 Qe7
21. Rxd5 Rxd5 22. Nf6+ Qxf6 23. Qxf6 Rxd1+ 24. Kh2 Rxc2 25. Nd4 Rcd2 26. Qd8+
Kg7 27. Nxe6+ fxe6 28. Qe7+ 1/2-1/2

[Event "Ctor por Equipos de Aragon-Division de Honor"]
[Site ""]
[Date "2023.02.18"]
[Round "4.15"]
[White "Ereza Vizcarra, Fernando"]
[Black "Roche Simon, Manuel Angel"]
[Result "1-0"]
[WhiteElo "2125"]
[BlackElo "1985"]
[PlyCount "0"]
[WhiteTeam "Jaque - Aramovil"]
[BlackTeam "Delicias"]
[EventDate "2023.01.28"]

1. d4 Nf6 2. Nf3 d5 3. g3 c5 4. Bg2 cxd4 5. O-O h6 6. Bf4 g5 7. Be5 Bg7 8. Nxd4
Nbd7 9. Bxf6 Nxf6 10. c4 e5 11. Nf3 e4 12. Nd4 dxc4 13. e3 O-O 14. Qc2 Qe7 15.
Nd2 Re8 16. Qxc4 Bd7 17. Rac1 Rac8 18. Qb3 b5 19. Rc3 b4 20. Rc4 Rxc4 21. Qxc4
Qd6 22. Rc1 Rc8 23. Qf1 Rc5 24. Rxc5 Qxc5 25. Qc4 Qe7 26. Qc7 a6 27. Qb6 Bc8
28. Nc4 Bf8 29. h3 Qc5 30. Qxf6 Qxc4 31. Kh2 Qxa2 32. Bxe4 Qxb2 33. Bd5 Be6 34.
Bxe6 fxe6 35. Qxe6+ Kh8 36. Kg2 Qc3 37. Qe8 Kg8 38. Qe6+ Kh8 39. Qxa6 b3 40.
Qa8 Qb4 41. Nxb3 Qxb3 42. Qxf8+ Kh7 43. Qf5+ Kg7 44. Qd7+ Kg6 45. e4 Qc2 46.
Qf5+ Kg7 47. g4 Qc6 48. Qd5 Qe8 49. e5 h5 50. e6 Kh6 51. f4 1-0